ბათუმის შოთა რუსთაველის სახელმწიფო უნივერსიტეტის ბიბლიოთეკა

სანქციები სისხლის სამართალში / (ბიბ.ჩანაწერი № 57626)

000 -ლიდერი
ფიქსირებული სიგრძის საკონტროლო ველი 01368nam a22002417a 4500
003 - საკონტროლო ნომრის იდენტიფიკატორი
საკონტროლო ველი Ge_BSU
005 - ბოლო ოპერაციის თარიღი და დრო
საკონტროლო ველი 20210416132454.0
008 - ფიქსირებული სიგრძის მონაცემთა ელემენტები - ზოგადი ინფორმაცია
ფიქსირებული სიგრძის საკონტროლო ველი 200819s2019 ge ||||| |||| 00| 0 geo d
020 ## - წიგნის საერთაშორისო სტანდარტული ნომერი
International Standard Book Number 9789941256660
041 ## - ენის კოდი
Language code of text/sound track or separate title geo
080 ## - უნივერსალური ათობითი კლასიფიკაციის ინდექსი
Universal Decimal Classification number 343 (0.82) ს-26
245 ## - ცნობა სათაურის შესახებ
Title სანქციები სისხლის სამართალში /
Statement of responsibility, etc ავტორები: ნონა თოდუა, მაია ივანიძე, ლალაი ფაფიაშვილი, ირინე ხერხეულიძე, თემურ ცქიტიშვილი; რედაქტორები: ნონა თოდუა, მაია ივანიძე.
264 ## - წარმოების, გამოცემის, დისტრიბუციის და სხვა ცნობები
გამოცემის, წარმოების, დისტრიბუციის... ადგილი თბილისი:
გამოცემის, წარმოების, დისტრიბუციის... სახელწოდება მერიდიანი,
გამოცემის, წარმოების, დისტრიბუციის... თარიღი 2019.
300 ## - ფიზიკური აღწერა
Extent 487 გვ.
Other physical details 20 სმ.
653 ## - INDEX TERM--UNCONTROLLED
Uncontrolled term სამართალი
653 ## - INDEX TERM--UNCONTROLLED
Uncontrolled term სისხლის სამართალი
700 ## - ADDED ENTRY--PERSONAL NAME
Personal name თოდუა, ნონა
Relator term რედაქტორი
9 (RLIN) 5363
700 ## - ADDED ENTRY--PERSONAL NAME
Personal name ივანიძე, მაია
Relator term რედაქტორი
9 (RLIN) 6339
700 ## - ADDED ENTRY--PERSONAL NAME
Personal name ფაფიაშვილი, ლალი
Relator term ავტორი
9 (RLIN) 4554
700 ## - ADDED ENTRY--PERSONAL NAME
Personal name ხერხეულიძე, ირინე
Relator term ავტორი
9 (RLIN) 9258
700 ## - ADDED ENTRY--PERSONAL NAME
Personal name ცქიტიშვილი, თემურ
Relator term ავტორი
9 (RLIN) 9259
942 ## - ADDED ENTRY ELEMENTS (KOHA)
Source of classification or shelving scheme
Koha item type წიგნი
ეგზემპლარები
ჩამოწერის სტატუსი დაკარგული ეგზემპლარის სტატუსი კლასიფიკაციის წყარო ან თაროზე გაწყობის სქემა დაზიანების სტატუსი არ გაიცემა მუდმივი მდებარეობა (დაცვის ადგილი) ამჟამინდელი ადგილსამყოფელი თაროზე განთავსების ადგილი შეძენის თარიღი ღირებულება, შესყიდვის ნორმალური ფასი სრული შენახვის შიფრი შტრიხკოდი ბოლო ოპერაციის თარიღი ეგზემპლარის მიმდევრობითი ნომერი (კეტერი?) ფასის ძალაში შესვლის თარიღი ეგზემპლარის სახეობა საჯარო შენიშვნა
          ბათუმის შოთა რუსთაველის სახელმწიფო უნივერსიტეტის მთავარი ბიბლიოთეკა ბათუმის შოთა რუსთაველის სახელმწიფო უნივერსიტეტის მთავარი ბიბლიოთეკა წიგნსაცავი 2020-08-19 25.00 343 (0.82) ს-26 60849 2020-08-19 60849 2020-08-19 წიგნი 25 ლ.